00727cam a22002414a 45000010009000000050017000090080041000260100017000670200018000840200015001020350020001170400050001370410008001870600011001951000029002062450044002352600064002793000039003436500040003826500029004226500018004516500016004691428143220211105120834.0060228s2006 ilua b 001 0beng  a 2006007134 a9780736056380 a0736056386 a(DNLM)101270102 aCO-BoUCMbspacSandra PalaciodSandra Palacio0 aeng10aWE 1031 aMougios, Vassilisd1958-10aExercise biochemistrycVassilis Mougios aChampaign (Illinois, Estados Unidos)bHuman Kineticscc2006 axvii, 332 páginasbilustraciones17aEjercicio xAspectos psicológicos27aMúsculos xMetabolismo27aBioquímica 27aMovimiento